[Event "HCL-A2598"]
[Site "www.playchess.de"]
[Date "2006.02.27"]
[Round "29"]
[White "RUDI"]
[Black "dynamike"]
[WhiteElo "1234"]
[BlackElo "1442"]
[PlyCount "87"]
[Result "1-0"]

1.c4 {Hallöle nach Stuttgart, ich probier`s 
nochmal!}  Nf6 {ich probier's dann auch nochmal 
:)}  2.Nc3 {sehr gut, irgend wann schafft es 
jeder}  d5 3.cxd5 Nxd5 4.g3 c6 5.Bg2 e5 6.Nf3 Nd7 
7.Nxd5 {habt ihr jetzt in Stuttgart den Trapper 
Toni entlassen!}  cxd5 {Ja, genau. Weg ist er :) 
Schade, der Staudt ist schon ein komischer Kerl. 
Noch vor 4 Wochen sagte er, er halte unbedingt an 
Trap fest und nun ganz überraschend und wohl 
erstmalig in der Karriere von Trap wurde er 
gefeuert}  8.O-O {...und in dem Alter find der 
doch nix mehr! Wir schicken Euch den Maurer als 
Ersatz, der sucht was im süddt.Raum}  Bd6 {Ja, ja, 
das ist die soziale Kälte in Deutschland...einen 
alten alten Mann einfach so auf die Straße 
setzen...das kann man mittlerweile seit 
DaimlerChrysler auch in Stuttgart gut.}  9.d3 {war 
aber ein Asylant, glaube ich, der Toni. und 
Alkoholiker, immer Flasche leer.}  O-O {Der hat 
die Schwaben gar nicht verstanden. Insofern ist 
hier jeder ein Asylant}  10.b3 {der war gut!}  Qe7 
{Ich komme ja eigentlich auch eher aus 
Norddeutschland. Insofern hab ich den Trap besser 
verstanden als die Bayern.}  11.Bb2 f6 12.e3 b6 
13.e4 d4 {Jetzt ist meine PCR nur noch knapp über 
Deiner :-)}  14.Nh4 {guter Trend...Du darfst aber 
weiter gegen alle anderen gewinnen, nicht dass Du 
in die C-Klasse musst}  Ba6 {doch, nach C-Klasse 
sieht es derzeit aus.}  15.Nf5 {dafür muss man 
aber Letzter in der B werden}  Qe6 {Bei meinem 
aktuellen Rating, schaffe ich das locker :-)}  
16.Bh3 {oweh, oweh, so wie der VfB...}  Kh8 {Ist 
es schon wieder so weit, oder hast Du einfach nur 
zuviele Weißwürschtl gefuttert :-)}  17.Qg4 {jo 
mei, s is jo no nix passiert}  g6 {A geeeeh. Mein 
bayrisch ist nicht so toll wie Deines :-)}  
18.Nxd6 {liegt am Wohnort}  Qxd6 19.Qxd7 Qxd7 
20.Bxd7 Bxd3 21.Rfe1 Rfd8 22.Bh3 Bc2 23.Bf1 Bxe4 
24.Bg2 Bxg2 25.Kxg2 Rac8 26.Rac1 Rc5 {Na, hier 
wirst Du bestimmt gewinnen :-)}  27.f3 Rdc8 
28.Rxc5 {wieso gewinne ich?}  bxc5 {Na, weil Du 
mehr Material besitzt. Lediglich die verbundenen 
Bauern müssen Dir noch Sorgen bereiten.}  29.Rc1 
{tun sie, tun sie}  Kg7 {gut so, gut so :-)}  
30.Ba3 f5 31.Rxc5 Rxc5 32.Bxc5 {Das rettet mich 
auch nicht mehr. Ich spiele wieder B-League, neue 
Kräfte sammeln und später wieder A...}  d3 {Ich 
bin wieder in die A aufgestiegen (habe noch viele 
offene Turniere in der B gehabt und ausnahmsweise 
mal eines gewonnen)}  33.Bb4 {Gratuliere, hier 
gibt`s ja nicht mehr viel zu tun, dann steige ich 
halt auch mal wieder auf - wenn ich mal punkten 
darf, ab und zu, bei Dir.}  Kf6 {Danke, aber wenn 
ich es richtig sehe ist es nur aufgeschoben.}  
34.Kf2 e4 35.fxe4 fxe4 36.Ke3 Kf5 37.h3 h5 38.Bd2 
Ke5 39.a3 Kd5 40.Bc3 g5 41.Bb2 a6 42.Bc3 h4 
43.gxh4 gxh4 44.Bb2 1-0

[Event "HCL-B3879"]
[Site "www.playchess.de"]
[Date "2006.02.27"]
[Round "16"]
[White "Ulpe"]
[Black "slavi"]
[WhiteElo "1604"]
[BlackElo "1534"]
[PlyCount "63"]
[Result "1-0"]

1.e4 e6 2.d4 d5 3.Nc3 Bb4 4.e5 c5 5.a3 Bxc3+ 
6.bxc3 Ne7 7.Nf3 Nbc6 8.a4 Qa5 9.Bd2 c4 10.g3 Bd7 
11.Bh3 Ng6 12.O-O Nce7 13.Qb1 b6 14.Qb4 Nc6 15.Qa3 
O-O-O 16.Rfb1 a6 17.Bg5 Rde8 18.Ra2 h6 19.Be3 Red8 
20.Rab2 b5 21.Ra2 Na7 22.Qb2 Qb6 23.Qa1 Kb7 24.Bc1 
Rda8 25.Ba3 Rhc8 26.Bg2 Kc7 27.Bc5 Qb7 28.Nd2 Kd8 
29.Nxc4 Bc6 30.Nd6 Qc7 31.Bxa7 Rxa7 
32.axb5 1-0

[Event "HCL-A2603"]
[Site "www.playchess.de"]
[Date "2006.02.27"]
[Round "5"]
[White "oyetola"]
[Black "Macko"]
[WhiteElo "1468"]
[BlackElo "1781"]
[PlyCount "68"]
[Result "0-1"]

1.e4 Nc6 2.d4 d5 3.Nc3 Nf6 4.e5 Ne4 5.Nce2 Bf5 
6.f3 Nb4 7.a3 Nc3 8.Nxc3 Nxc2+ 9.Kf2 Nxa1 10.Bd3 
Bxd3 11.Qxd3 Qd7 12.Na2 a5 13.Ne2 a4 14.Bf4 Nb3 
15.Nac1 Na5 16.Na2 f6 17.Rc1 g5 18.e6 Qxe6 19.Bxc7 
Qd7 20.Qc3 Nb3 21.Rc2 Rc8 22.Nac1 Na1 23.Rd2 Rxc7 
24.Qe3 e6 25.Nd3 Nc2 26.Rxc2 Rxc2 27.Ke1 Bd6 28.g3 
O-O 29.Kf2 Qe7 30.Kg1 b5 31.Nc3 Bxa3 32.bxa3 Rxc3 
33.Qd2 Qxa3 34.Ne5 Rfc8 0-1

[Event "HCL-B3886"]
[Site "www.playchess.de"]
[Date "2006.02.27"]
[Round "8"]
[White "kolmar"]
[Black "eisbaer17"]
[WhiteElo "1056"]
[BlackElo "1282"]
[PlyCount "36"]
[Result "0-1"]

1.e4 c5 2.c3 d6 3.Nf3 a6 4.d4 cxd4 5.Nxd4 Nf6 6.f3 
e5 7.Ne2 Be6 8.Ng3 Nc6 9.Be3 Qc7 10.Nd2 d5 11.Bd3 
Be7 12.O-O d4 13.Bf2 Bc5 14.cxd4 Nxd4 15.Rc1 Qb6 
16.Qa4+ Bd7 17.Qc4 Rc8 18.Bxd4 
Bxd4+ 0-1

[Event "HCL-B3874"]
[Site "www.playchess.de"]
[Date "2006.02.27"]
[Round "9"]
[White "Frost666"]
[Black "Russ"]
[WhiteElo "1378"]
[BlackElo "1040"]
[PlyCount "44"]
[Result "0-1"]

1.d4 d5 2.c4 e6 3.Nf3 Nc6 4.e3 Bb4+ 5.Nc3 Nf6 
6.Qc2 Ne4 7.Bd3 Ng5 8.Nxg5 Qxg5 9.f3 Qh4+ 10.g3 
Qh3 11.Bf1 Qh5 12.Qf2 dxc4 13.Bxc4 O-O 14.a3 Bxc3+ 
15.bxc3 e5 16.e4 exd4 17.cxd4 Bh3 18.Be2 Rfe8 
19.d5 Na5 20.Ra2 f5 21.Kd1 fxe4 22.f4 
Qxd5+ 0-1

[Event "HCL-C4156"]
[Site "www.playchess.de"]
[Date "2006.02.27"]
[Round "10"]
[White "nicola"]
[Black "O_Man"]
[WhiteElo "1111"]
[BlackElo "1129"]
[PlyCount "43"]
[Result "1-0"]

1.e3 {hi}  d5 {Hello again!}  2.b3 e5 3.Bb2 Nc6 
4.Nf3 g6 5.Nxe5 Nxe5 6.Bxe5 Nf6 7.Be2 Bd6 8.Bxd6 
Qxd6 9.O-O h5 10.d3 Bg4 11.f3 Be6 12.Nd2 g5 13.a4 
d4 14.e4 Ng4 15.fxg4 hxg4 16.g3 O-O-O 17.Kg2 Rh6 
18.Rh1 Rh3 19.Bxg4 Bxg4 20.Qxg4+ Kb8 21.Qxh3 Rf8 
22.Rhf1 1-0

[Event "HCL-E1553"]
[Site "www.playchess.de"]
[Date "2006.02.27"]
[Round "1"]
[White "Eishockeytorwart"]
[Black "aadje"]
[WhiteElo "1949"]
[BlackElo "1850"]
[PlyCount "62"]
[Result "1/2-1/2"]

1.e4 {welcome from germany}  c5 {Greetings from 
Holland}  2.Nf3 Nc6 3.d4 cxd4 4.Nxd4 Nf6 5.Nc3 d6 
6.Bg5 e6 7.Bb5 Bd7 8.O-O Be7 9.Be2 O-O 10.Ndb5 Qb6 
11.Be3 Qa5 12.Nxd6 Qc7 13.Ndb5 Qc8 14.f4 a6 15.Nd6 
Qc7 {(offering draw) strong chess program u are 
using vs us. Is that a good feeling?}  16.e5 
{sorry what you write is bullshit i play no with a 
chessprogramm}  Ne8 {You do not mind i have my 
doubts about? 
Nevertheless it is all up to you.i play straight}  
17.Nxe8 Bxe8 18.a3 Rd8 19.Bd3 Nd4 20.Kh1 f5 21.Ne2 
Bh5 22.Bxd4 Rxd4 23.Qe1 Rdd8 24.Ng3 Be8 25.Qe2 Rc8 
26.c3 Bc6 27.Qf2 Bc5 28.Qc2 b5 {(offering draw)}  
29.a4 Qb7 30.axb5 axb5 31.Qe2 Rfd8 {(offering 
draw) lets draw both games, pos. is in balance} 
 1/2-1/2

[Event "HCL-B3857"]
[Site "www.playchess.de"]
[Date "2006.02.27"]
[Round "7"]
[White "rvvillal"]
[Black "evets"]
[WhiteElo "1086"]
[BlackElo "1392"]
[PlyCount "45"]
[Result "1-0"]

1.e4 {Good Luck!!!}  e6 {Thank You and to you as 
well!}  2.d4 d5 3.Nc3 Bb4 4.Bd2 Bxc3 5.Bxc3 c5 
6.dxc5 Nf6 7.e5 Ne4 8.Qf3 Nxc3 9.Qxc3 Nd7 10.Bb5 
a6 11.Ba4 b5 12.Bb3 O-O 13.c6 Nb6 14.c7 Qg5 15.g3 
Bb7 16.Nf3 Qg4 17.O-O-O d4 18.Nxd4 Bxh1 19.Rxh1 
Nd5 20.Bxd5 exd5 21.Nc6 Qg5+ 22.f4 Qf5 
23.Ne7+ 1-0

[Event "HCL-A2590"]
[Site "www.playchess.de"]
[Date "2006.02.27"]
[Round "9"]
[White "hal1958"]
[Black "dynamike"]
[WhiteElo "1421"]
[BlackElo "1442"]
[PlyCount "157"]
[Result "1-0"]

1.b4 {have a nice game}  e5 {the ape again ?}  
2.Bb2 Bxb4 3.Bxe5 Nf6 4.e3 d6 5.Bb2 Nc6 6.a3 Ba5 
7.Nf3 O-O 8.Be2 Bd7 9.O-O Re8 10.c4 a6 11.d4 Qe7 
12.Bc3 Bb6 13.Nbd2 d5 14.c5 Ba7 15.Rb1 b5 16.cxb6 
Bxb6 17.Bb4 Nxb4 18.axb4 a5 19.bxa5 Rxa5 20.Ne5 
Ba4 21.Qc1 Nd7 22.Ndf3 f6 23.Nc6 Bxc6 24.Qxc6 Nb8 
25.Qc3 Nd7 26.Bb5 Ra3 27.Qc6 Rd8 28.Qxd5+ Kh8 
29.Bxd7 Rxd7 30.Qc4 h6 31.Qb4 Qxb4 32.Rxb4 Ra5 
33.Rc1 g5 34.h3 h5 35.Nd2 Ra2 36.Ne4 Kg7 37.Rbb1 
Kg6 38.Rc6 Rf7 39.Rbc1 h4 40.Nc3 Ra5 41.g3 hxg3 
42.fxg3 Kh5 43.Kf2 f5 44.Kf3 g4+ 45.hxg4+ fxg4+ 
46.Kg2 Rf3 47.Re6 Raf5 48.Rc2 Ba5 49.Ne4 c5 
50.Rxc5 Rxc5 51.Nxc5 Bd2 52.Re5+ Kg6 53.e4 Be1 
54.Re6+ Kf7 55.d5 Rc3 56.Nd7 Rxg3+ 57.Kf1 Ba5 
58.Ne5+ Kg7 59.Rg6+ Kf8 60.Rxg4 Re3 61.Nc4 Re1+ 
62.Kf2 Bb4 63.Rg1 Rxe4 64.Rc1 Bc5+ 65.Kf3 Rd4 
66.Ne3 Bb6 67.Rc6 Ba5 68.d6 Ke8 69.Nf5 Rd3+ 70.Ke4 
Rc3 71.Ra6 Rc5 {(offering draw)}  72.Nd4 Kd7 
73.Nb3 Bb4 74.Nxc5+ Bxc5 75.Kd5 Bg1 76.Ra1 Be3 
77.Re1 Bg5 78.Re5 Bd8 79.Rh5 1-0

[Event "HCL-M866"]
[Site "www.playchess.de"]
[Date "2006.02.27"]
[Round "4"]
[White "martijn"]
[Black "Joachim"]
[WhiteElo "1771"]
[BlackElo "1821"]
[PlyCount "50"]
[Result "1/2-1/2"]

1.e4 {Viel spass!}  c6 {danke wünsche ich Dir 
auch, und eine interessante Partie !}  2.d4 d5 
3.Nc3 dxe4 4.Nxe4 Bf5 5.Ng3 Bg6 6.h4 h6 {schoene 
Weihnachten Dir und Deiner Familie !}  7.h5 
{Dasselbe, und ein gutes Neujahr!}  Bh7 {ein gutes 
Neues Jahr, wünsche ich Dir auch !}  8.Bd3 {Mein 
deutscher Grammatik ist nicht so gut mehr :-)}  
Bxd3 9.Qxd3 Nd7 10.Nf3 Qc7 11.Bd2 e6 12.Ne4 Ngf6 
13.O-O-O O-O-O 14.g3 Nxe4 15.Qxe4 Bd6 16.Qe2 Nf6 
17.Ne5 c5 18.Rh4 Bxe5 19.dxe5 Nd5 20.f3 Kb8 21.f4 
c4 22.c3 b5 23.Rhh1 a5 24.Be3 Nxe3 25.Qxe3 Kb7 
{(offering draw) what do you think about a Draw 
?
(wie denkst Du zu einem Remis ?)} 
 1/2-1/2

[Event "HCL-T267"]
[Site "www.playchess.de"]
[Date "2006.02.27"]
[Round "1"]
[White "pruliere"]
[Black "wbaldan"]
[WhiteElo "1830"]
[BlackElo "1687"]
[PlyCount "30"]
[Result "0-1"]

1.e4 e5 2.Nf3 Nc6 3.Bc4 Nf6 4.Ng5 Bc5 5.Nxf7 Qe7 
6.Nxh8 d6 7.Bf7+ Kd8 8.Bb3 Bg4 9.f3 Bh5 10.g4 Nxe4 
11.gxh5 Qh4+ 12.Ke2 Qf2+ 13.Kd3 Nb4+ 14.Kxe4 Qh4+ 
15.Kf5 Qf4+ 0-1

[Event "HCL-A2617"]
[Site "www.playchess.de"]
[Date "2006.02.27"]
[Round "18"]
[White "Matu"]
[Black "PhilipKaveny"]
[WhiteElo "1536"]
[BlackElo "1324"]
[PlyCount "66"]
[Result "0-1"]

1.d4 d5 2.Nf3 e6 3.Bf4 Nf6 4.c3 c5 5.dxc5 Bxc5 
6.e3 O-O 7.Nbd2 Nc6 8.Bb5 a6 9.Bxc6 bxc6 10.Nb3 
Ba7 11.Nbd4 Bb7 12.Ne5 Bxd4 13.cxd4 Ne4 14.Rc1 
Qa5+ 15.Ke2 Qxa2 16.Nxc6 Qxb2+ 17.Qc2 Qb5+ 18.Kf3 
Bxc6 19.Qxc6 Nd2+ 20.Kg3 Qe2 21.f3 Nc4 22.Rhe1 Qd3 
23.Rcd1 Qg6+ 24.Kf2 Rfc8 25.Qd7 a5 26.Re2 a4 
27.Ra2 a3 28.Bd6 Nxd6 29.Qxd6 Rc2+ 30.Rd2 Rxd2+ 
31.Rxd2 a2 32.Rd1 Qc2+ 33.Ke1 Qxd1+ 0-1

[Event "HCL-B3908"]
[Site "www.playchess.de"]
[Date "2006.02.27"]
[Round "3"]
[White "superyetkin"]
[Black "a137"]
[WhiteElo "1277"]
[BlackElo "823"]
[PlyCount "61"]
[Result "1-0"]

1.g3 d5 2.Bg2 c6 3.Nc3 Nf6 4.e3 e5 5.Nge2 Bc5 6.d4 
exd4 7.Nxd4 O-O 8.O-O Bxd4 9.Qxd4 Bf5 10.Qd2 Nbd7 
11.Ne2 Ne5 12.b3 Ne4 13.Bxe4 Bxe4 14.Nd4 c5 15.f3 
Nxf3+ 16.Nxf3 Bxf3 17.Rxf3 a5 18.c4 d4 19.Bb2 dxe3 
20.Qxd8 Rfxd8 21.Rxe3 f6 22.Re2 Rd3 23.Rae1 Kf8 
24.R2e3 Rad8 25.Rxd3 Rxd3 26.Re2 Rd6 27.Kf2 Kf7 
28.h4 f5 29.Kf3 h6 30.Be5 Rd3+ 
31.Kf4 1-0

[Event "HCL-E1571"]
[Site "www.playchess.de"]
[Date "2006.02.27"]
[Round "10"]
[White "chess50"]
[Black "alldrix"]
[WhiteElo "2108"]
[BlackElo "1645"]
[PlyCount "88"]
[Result "1-0"]

1.e4 e6 2.d4 d5 3.Nd2 Nf6 4.e5 Nfd7 5.Bd3 c5 6.c3 
Nc6 7.Ne2 cxd4 8.cxd4 Be7 9.O-O Nf8 10.a3 Ng6 
11.Nf3 O-O 12.b4 a6 13.Be3 Bd7 14.Rc1 b5 15.Nc3 
Rc8 16.Qc2 Qb6 17.Qb2 Rc7 18.Ne2 Rfc8 19.Bc2 a5 
20.Bd2 a4 21.Bg5 h6 22.Bxe7 Ncxe7 23.Bd3 R7xc1 
24.Rxc1 Rxc1+ 25.Qxc1 Nc6 26.h4 Nge7 27.Qc5 Qxc5 
28.dxc5 Na7 29.Nfd4 Nec6 30.Nxb5 Nxb5 31.Bxb5 Nxe5 
32.Bxd7 Nxd7 33.Nc3 Kf8 34.Nxa4 Ne5 35.Nb2 Ke7 
36.b5 Kd7 37.a4 Kc7 38.a5 Nd7 39.Nd3 f6 40.c6 Ne5 
41.Nc5 Nc4 42.Nxe6+ Kd6 43.Nxg7 Nxa5 44.Ne8+ 
Ke7 1-0

[Event "HCL-B3838"]
[Site "www.playchess.de"]
[Date "2006.02.27"]
[Round "10"]
[White "nichju"]
[Black "kipkluifje02"]
[WhiteElo "993"]
[BlackElo "1390"]
[PlyCount "84"]
[Result "0-1"]

1.e4 {Hello from Germany}  e5 {hello from Bergen 
op Zoom, Holland}  2.Nf3 Nc6 3.Bc4 Bc5 4.c3 d6 
5.O-O Bg4 6.h3 Bh5 7.d3 h6 8.Be3 Nge7 9.Bxc5 dxc5 
10.Nbd2 Na5 11.Bb5+ c6 12.Bc4 O-O 13.b4 cxb4 
14.cxb4 Nxc4 15.Nxc4 f6 16.d4 Bxf3 17.Qxf3 exd4 
18.Na5 b6 19.Nb7 Qc7 20.Qb3+ Kh8 21.Rad1 Qxb7 
22.Rxd4 Rad8 23.Rxd8 Rxd8 24.Qf7 Qd7 25.g4 Ng8 
26.Qg6 Re8 27.f3 Re5 28.h4 Qe6 29.f4 Rb5 30.g5 
Qg4+ 31.Kh1 Qxh4+ 32.Kg2 fxg5 33.Rh1 Qg4+ 34.Kf2 
Qxf4+ 35.Kg2 Rxb4 36.Rxh6+ gxh6 37.Qxc6 Qxe4+ 
38.Qxe4 Rxe4 39.a4 Nf6 40.a5 b5 41.a6 b4 42.Kg3 
b3 0-1

[Event "HCL-M844"]
[Site "www.playchess.de"]
[Date "2006.02.27"]
[Round "12"]
[White "marceli"]
[Black "Munny"]
[WhiteElo "1775"]
[BlackElo "1767"]
[PlyCount "49"]
[Result "1-0"]

1.d4 {hallo & viele Grüße}  Nf6 {Hallo, viel 
Glück!}  2.c4 {danke, dir auch}  g6 3.Nc3 Bg7 4.e4 
d6 5.f3 O-O 6.Be3 e5 7.d5 Nh5 8.Qd2 f5 9.exf5 gxf5 
10.Bg5 Qe8 11.O-O-O Qg6 12.Bd3 Nf6 13.h4 Na6 14.g4 
h6 15.gxf5 Bxf5 16.Bxf5 Qxf5 17.Bxh6 Nh7 18.Nh3 
Nb4 19.Rhg1 Rf7 20.Ne4 Nxa2+ 21.Kb1 Qxh3 22.Rg3 
Qd7 23.Rdg1 Qa4 24.Bxg7 Nb4 25.Bf6+ 1-0

[Event "HCL-M890"]
[Site "www.playchess.de"]
[Date "2006.02.27"]
[Round "9"]
[White "aldo"]
[Black "temple"]
[WhiteElo "1833"]
[BlackElo "1731"]
[PlyCount "38"]
[Result "0-1"]

1.d4 Nf6 {Hello,good luck.}  2.c4 e6 3.Nf3 d5 
4.Nc3 Be7 5.Bg5 h6 6.Bxf6 Bxf6 7.e3 O-O 8.Qc2 c6 
9.cxd5 cxd5 10.Be2 Nc6 11.O-O a6 12.Rfd1 Bd7 
13.Rac1 Rc8 14.Qd2 b5 15.a3 Na5 16.e4 Nb3 17.Qf4 
Nxc1 18.Rxc1 dxe4 19.Qxe4 Bc6 0-1

[Event "HCL-M841"]
[Site "www.playchess.de"]
[Date "2006.02.27"]
[Round "18"]
[White "Status_Quo"]
[Black "mige"]
[WhiteElo "1803"]
[BlackElo "1789"]
[PlyCount "85"]
[Result "1-0"]

1.e4 {Hello!}  e5 2.Nf3 Nc6 3.c3 Nf6 4.d4 exd4 
5.e5 Ne4 6.Qc2 {6.Qc2 ;-)}  d5 7.exd6 Nxd6 8.cxd4 
Bf5 9.Qa4 Bd7 10.Nc3 a6 11.Qd1 Be7 12.Bd3 O-O 
13.O-O Bg4 14.Be3 {I have been suffering from a 
cold}  Bf6 15.d5 Bxf3 16.Qxf3 Ne5 17.Qe2 Nxd3 
18.Qxd3 Re8 19.Rfe1 Qd7 20.Re2 Re7 21.Rae1 Rae8 
22.Bd4 Bxd4 23.Qxd4 R7xe2 24.Rxe2 Rxe2 25.Nxe2 Qf5 
26.Qd1 Qe5 27.b3 f6 28.g3 g5 29.Qc2 Nb5 30.a4 Qa1+ 
31.Kg2 Nd4 32.Qc4 Nxe2 33.d6+ Kg7 34.dxc7 Qg1+ 
35.Kf3 Nd4+ 36.Qxd4 Qh1+ 37.Ke2 Qc6 38.Qc4 Qe8+ 
39.Kf1 Qc8 40.Qc5 Kf7 41.b4 b5 42.axb5 axb5 
43.g4 1-0

[Event "HCL-E1552"]
[Site "www.playchess.de"]
[Date "2006.02.27"]
[Round "3"]
[White "golddim"]
[Black "Nimzoindianboy"]
[WhiteElo "1441"]
[BlackElo "1498"]
[PlyCount "120"]
[Result "0-1"]

1.e4 e6 2.d4 d5 3.Nc3 Bb4 4.exd5 Qxd5 5.Nf3 c5 
6.Bd2 Qd6 7.Bb5+ Bd7 8.Bxd7+ Nxd7 9.dxc5 Bxc5 
10.Ne4 Qb6 11.Bc3 Ngf6 12.Bxf6 Nxf6 13.Nxc5 Qxc5 
14.c3 O-O 15.O-O Rfd8 16.Qb3 Rd7 17.Rad1 Rad8 
18.Rxd7 Rxd7 19.Rd1 Rxd1+ 20.Qxd1 Nd5 21.Ne5 h6 
22.Qf3 Qc7 23.Qg3 Qb6 24.b4 Qd8 25.h3 Qf6 26.a3 
Qf5 27.c4 Nb6 28.Nf3 Nxc4 29.Qb8+ Kh7 30.Qxa7 Qe4 
31.Nd4 Qe1+ 32.Kh2 Qxf2 33.a4 Qf4+ 34.Kh1 Ne3 
35.Nf3 Qe4 36.Qd4 Qb1+ 37.Ng1 Nd5 38.b5 b6 39.Kh2 
Qc2 40.Nf3 Qc7+ 41.Kh1 Qc1+ 42.Kh2 Qf4+ 43.Qxf4 
Nxf4 44.Ne5 Kg8 45.Kg3 Nd5 46.Nc4 Kf8 47.Kf3 Ke7 
48.Ke4 Kd7 49.Kd4 f6 50.g3 Kc7 51.Kd3 g6 52.Kd4 h5 
53.Ne3 Nxe3 54.Kxe3 Kd6 55.Kd4 e5+ 56.Kc4 f5 57.h4 
Kd7 58.Kd5 e4 59.Kd4 Kd6 60.Ke3 
Kc5 0-1

[Event "HCL-C4098"]
[Site "www.playchess.de"]
[Date "2006.02.27"]
[Round "10"]
[White "nichju"]
[Black "winnetou"]
[WhiteElo "1010"]
[BlackElo "860"]
[PlyCount "55"]
[Result "1-0"]

1.e4 {Hello and good luck}  e5 {Greetings! You 
too!}  2.Nf3 Bd6 3.d4 c6 4.d5 Nf6 5.Nc3 cxd5 
6.exd5 e4 7.Nd4 Qa5 8.Bd2 Qc5 9.Nf5 Be5 10.Nxg7+ 
Kf8 11.Nf5 Ne8 12.Nxe4 Qb6 13.Qg4 Qxb2 14.Qd1 Na6 
15.Bh6+ Bg7 16.Bxg7+ Nxg7 17.Nxg7 Kxg7 18.Bd3 f5 
19.Ng5 Qc3+ 20.Kf1 Kg6 21.h4 Nb4 22.Nf3 Nxd5 
23.h5+ Kf6 24.Nh4 d6 25.Nxf5 Bxf5 26.Bxf5 Kxf5 
27.Qxd5+ Kf4 28.Rh4+ 1-0

[Event "HCL-C4143"]
[Site "www.playchess.de"]
[Date "2006.02.27"]
[Round "7"]
[White "nichju"]
[Black "ivofle"]
[WhiteElo "1080"]
[BlackElo "819"]
[PlyCount "79"]
[Result "1-0"]

1.e4 {Hello and good luck}  e5 2.Nf3 Nc6 3.Bc4 Nh6 
4.O-O Bc5 5.d3 O-O 6.Bg5 Ne7 7.Bxh6 gxh6 8.Nxe5 d6 
9.Ng4 h5 10.Nf6+ Kg7 11.Nxh5+ Kh8 12.Nf6 Ng6 
13.Qf3 Qe7 14.Nd5 Qe5 15.Nd2 Be6 16.Nxc7 Rac8 
17.Nb5 d5 18.exd5 Bd7 19.Nxa7 Bxa7 20.b3 b5 
21.Rae1 Qg5 22.Ne4 Qh4 23.Nd6 Bb8 24.Nxf7+ Kg7 
25.d6 Rxf7 26.Qxf7+ Kh6 27.Qxd7 Rf8 28.Bxb5 Ba7 
29.Qxa7 Rf5 30.Qe3+ Nf4 31.d7 Qd8 32.g3 Kg5 33.h4+ 
Kg4 34.gxf4 Qxh4 35.Qg3+ Qxg3+ 36.fxg3 Kxg3 37.d8Q 
h5 38.Qg8+ Kh3 39.Re3+ Kh4 40.Qg3+ 1-0

[Event "HCL-E1539"]
[Site "www.playchess.de"]
[Date "2006.02.27"]
[Round "23"]
[White "Dutchin"]
[Black "Vinci"]
[WhiteElo "1637"]
[BlackElo "1583"]
[PlyCount "32"]
[Result "0-1"]

1.Nf3 Nf6 2.e4 Nxe4 3.Bd3 Nf6 4.c4 Nc6 5.Nc3 d5 
6.cxd5 Nxd5 7.h3 Nf4 8.Bf1 Nd3+ 9.Bxd3 Qxd3 10.b3 
b6 11.Qe2 Ba6 12.Qe4 Qxe4+ 13.Nxe4 f6 14.Bb2 Nb4 
15.Kd1 Bb7 16.Re1 Nd3 0-1

[Event "HCL-B3890"]
[Site "www.playchess.de"]
[Date "2006.02.27"]
[Round "8"]
[White "Sporang"]
[Black "odin"]
[WhiteElo "1006"]
[BlackElo "1218"]
[PlyCount "81"]
[Result "1-0"]

1.e4 e5 2.Nf3 Nc6 3.Bc4 d6 4.h3 Be7 5.d3 h6 6.O-O 
Nf6 7.Nc3 Be6 8.Bb3 O-O 9.Nd5 Nb8 10.c4 c6 
11.Nxe7+ Qxe7 12.Be3 Nbd7 13.Qc2 Rfc8 14.Rad1 d5 
15.cxd5 cxd5 16.Qe2 dxe4 17.dxe4 Nxe4 18.Qb5 Ndf6 
19.Qxe5 Qc7 20.Bxe6 Qxe5 21.Nxe5 fxe6 22.f3 Ng3 
23.Rfe1 Rc2 24.Nd3 b6 25.Bf4 Ne2+ 26.Kf1 Nxf4 
27.Nxf4 Re8 28.Nd3 Nd5 29.a3 a5 30.Rdc1 Rxc1 
31.Rxc1 Re7 32.Ne5 Rc7 33.Rxc7 Nxc7 34.Nc4 Nd5 
35.Ke2 a4 36.Kd3 Kf8 37.Nd6 Nf4+ 38.Kc4 Nxg2 
39.Kb5 Ne1 40.Kxa4 Nxf3 41.Kb5 1-0

[Event "HCL-B3852"]
[Site "www.playchess.de"]
[Date "2006.02.27"]
[Round "4"]
[White "ama49"]
[Black "Saladin"]
[WhiteElo "1194"]
[BlackElo "1316"]
[PlyCount "78"]
[Result "0-1"]

1.e4 {Greetings from Scotland}  d5 {thanks...good 
game}  2.exd5 Qxd5 3.Nc3 Qd8 4.d3 g6 5.Nf3 Bg4 
6.h3 Bxf3 7.Qxf3 c6 8.Bg5 Bg7 9.O-O-O Qa5 10.d4 
Qxg5+ 11.Kb1 Nf6 12.g4 O-O 13.h4 Qxg4 14.Qxg4 Nxg4 
15.Rd2 Bh6 16.Re2 e6 17.Bh3 Nf6 18.f3 Nh5 19.Bg4 
Ng3 20.Rhe1 Nxe2 21.Rxe2 Nd7 22.a3 Nf6 23.Ne4 Nxe4 
24.fxe4 f5 25.exf5 exf5 26.Bf3 Bf4 27.d5 Rae8 
28.dxc6 Rxe2 29.Bxe2 bxc6 30.h5 g5 31.b3 g4 32.c4 
g3 33.Bf3 Bd6 34.b4 c5 35.b5 Re8 36.Bd5+ Kg7 37.a4 
f4 38.Bf3 Re3 39.Bg4 g2 0-1

[Event "HCL-C3848"]
[Site "www.playchess.de"]
[Date "2006.02.27"]
[Round "3"]
[White "Patrola"]
[Black "perugia"]
[WhiteElo "1129"]
[BlackElo "1100"]
[PlyCount "102"]
[Result "0-1"]

1.e4 {Have a nice game!}  c5 2.d4 Nc6 {u2}  3.d5 
Ne5 4.c4 Nf6 5.Nc3 Qa5 6.Nf3 d6 7.Nxe5 dxe5 8.Bd3 
e6 9.O-O Bd7 10.Qb3 O-O-O 11.Bd2 Ne8 12.Nb5 Qxd2 
13.Nxa7+ Kc7 14.Qa3 Kd6 15.Rad1 Qg5 16.b4 b6 
17.bxc5+ bxc5 18.Qa6+ Ke7 19.Nc6+ Bxc6 20.Qxc6 Kf6 
21.dxe6 fxe6 22.a4 Nd6 23.Be2 Be7 24.Bd3 Rdc8 
25.Qb6 h5 26.h3 Rcb8 27.Qxc5 Nxe4 28.Qc6 Nc3 
29.Qf3+ Qf4 30.Qg3 Qxg3 31.fxg3+ Kg5 32.Rde1 Bc5+ 
33.Kh1 Bd6 34.c5 Bc7 35.Rf7 e4 36.Bxe4 Nxe4 
37.Rxc7 Nxg3+ 38.Kh2 Nf5 39.Rxe6 Rbe8 40.Rb6 g6 
41.a5 Rec8 42.Rxc8 Rxc8 43.a6 Rxc5 44.Rb7 Ra5 
45.Ra7 Nd6 46.Ra8 Nb5 47.Rb8 h4 48.Rb7 Nd6 49.Rd7 
Rxa6 50.Rg7 Nf5 51.Rd7 Kh6 0-1

[Event "HCL-A2616"]
[Site "www.playchess.de"]
[Date "2006.02.27"]
[Round "3"]
[White "XANDERKIRV"]
[Black "talewisx"]
[WhiteElo "1489"]
[BlackElo "1284"]
[PlyCount "66"]
[Result "0-1"]

1.e4 c6 2.d4 d5 3.Nc3 b5 4.exd5 b4 5.Nce2 cxd5 
6.Nf4 e6 7.Nf3 Bd6 8.Bb5+ Bd7 9.Bxd7+ Nxd7 10.O-O 
Ngf6 11.Re1 Ne4 12.g3 Nb6 13.Nd2 Bxf4 14.Nxe4 Bxc1 
15.Rxc1 dxe4 16.Rxe4 Nd5 17.Qg4 O-O 18.Ree1 a5 
19.h4 Rc8 20.h5 h6 21.Qf3 Qf6 22.Qd1 Rc4 23.Re4 
Rfc8 24.Qd2 a4 25.Rg4 b3 26.axb3 axb3 27.c3 Nb4 
28.Ra1 Na2 29.Re1 Nxc3 30.bxc3 R4xc3 31.Rb1 Qf5 
32.Qd1 Qxb1 33.Qxb1 R3c1+ 0-1

[Event "HCL-A2542"]
[Site "www.playchess.de"]
[Date "2006.02.27"]
[Round "18"]
[White "carbug"]
[Black "yannick"]
[WhiteElo "1530"]
[BlackElo "1596"]
[PlyCount "98"]
[Result "0-1"]

1.e4 {Good game to you Yannick}  d6 {same for you 
good luck}  2.d4 Nf6 3.Nc3 g6 4.f4 Bg7 5.Nf3 O-O 
6.Bd3 Bg4 7.O-O Nc6 8.e5 Bxf3 9.Rxf3 Nxd4 10.exf6 
Nxf3+ 11.Qxf3 Bxf6 12.Qxb7 Qb8 13.Qxb8 Raxb8 
14.Nd1 Bd4+ 15.Kh1 e6 16.c3 Bb6 17.b4 Rfd8 18.Ne3 
c5 19.bxc5 dxc5 20.Bc2 Ba5 21.c4 Bc3 22.Rb1 Rxb1 
23.Bxb1 Bd2 24.Bxd2 Rxd2 25.Kg1 Rb2 26.Bd3 Rxa2 
27.Nc2 a5 28.Kf2 a4 29.Kf3 a3 30.Nxa3 Rxa3 31.Ke3 
{(offering draw)}  Kg7 {sorry but with a pawn more 
and a rook I c'ant accept draw now.Perhaps later 
.regards.yannick}  32.g4 Ra2 33.Be2 Kf6 34.g5+ Kf5 
35.h3 Rxe2+ 36.Kxe2 Kxf4 37.Kf2 Kxg5 38.Kg3 e5 
39.Kf3 f5 40.Kg3 f4+ 41.Kf3 Kh4 42.Kg2 e4 43.Kh2 
e3 44.Kg2 e2 45.Kf2 f3 46.Kxf3 e1Q 47.Kg2 Qg3+ 
48.Kh1 Qxh3+ 49.Kg1 Kg4 0-1

[Event "HCL-E1577"]
[Site "www.playchess.de"]
[Date "2006.02.27"]
[Round "9"]
[White "pawnstorm"]
[Black "yannick"]
[WhiteElo "1545"]
[BlackElo "1558"]
[PlyCount "68"]
[Result "0-1"]

1.d4 d5 2.Nf3 Nc6 3.Bf4 Nf6 4.c3 Bf5 5.h3 e6 6.e3 
Nh5 7.Bh2 Be7 8.Bd3 Bxd3 9.Qxd3 O-O 10.O-O Qd7 
11.Nbd2 Nf6 12.e4 dxe4 13.Nxe4 Nxe4 14.Qxe4 f5 
15.Qe2 Bd6 16.Rfe1 Rae8 17.Rad1 Bxh2+ 18.Kxh2 Qd5 
19.a3 Kh8 20.Ne5 Nxe5 21.Qxe5 Qd6 22.Re2 Red8 
23.Kg1 Rfe8 24.Rde1 Qc6 25.Qg3 Rd6 26.Qg5 Rd5 
27.R2e5 Rxe5 28.Rxe5 Kg8 29.Qe3 Qb6 30.b4 Kf8 
31.c4 Kf7 32.Qe2 Qxd4 33.c5 Kf6 34.g3 
Qxe5 0-1